Pop | City |
7,619,800 | London | | 96.6% | 10,563,038 | Moscow | | 96.4% | 8,175,133 | New York | | 96.4% | 2,233,818 | Paris | | 95.5% | 3,792,621 | Los Angeles | | 94.8% | 3,442,675 | Berlin | | 94.4% | 3,273,049 | Madrid | | 94.1% | 2,761,477 | Rome | | 93.7% | 4,600,276 | St. Petersburg | | 93.6% | 2,695,598 | Chicago | | 92.9% | 1,619,337 | Barcelona | | 92.8% | 2,099,451 | Houston | | 91.7% | 3,187,734 | Athens | | 91.3% | 8,803,468 | Istanbul | | 91.3% | 1,197,816 | Dallas | | 91.1% | 399,457 | Miami | | 90.9% | 805,235 | San Francisco | | 90.2% | 847,073 | Stockholm | | 90% | 599,230 | Oslo | | 90% | 779,808 | Amsterdam | | 90% | 1,716,855 | Warsaw | | 89.7% | 1,324,110 | Milan | | 89.6% | 1,307,402 | San Diego | | 89.6% | 617,594 | Boston | | 89.5% | 1,330,440 | Munich | | 89.3% | 1,010,400 | Birmingham | | 89.3% | 608,660 | Seattle | | 89% | 465,900 | Manchester | | 88.8% | 1,526,006 | Philadelphia | | 88.8% | 506,211 | Dublin | | 88.6% | 2,785,131 | Kiev | | 88.5% | 1,698,822 | Vienna | | 88.3% | 1,721,556 | Budapest | | 88% | 489,562 | Lisbon | | 87.7% | 588,549 | Helsinki | | 87.4% | 1,445,632 | Phoenix | | 87.4% | 1,774,224 | Hamburg | | 87.3% | 1,944,451 | Bucharest | | 87% | 1,257,158 | Prague | | 86.1% | 713,777 | Detroit | | 86.1% | 1,199,224 | Copenhagen | | 86% | 637,000 | Glasgow | | 85.7% | 420,003 | Atlanta | | 85.7% | 601,723 | Washington | | 85.5% | 859,543 | Marseille | | 85.4% | 600,158 | Denver | | 85.2% | 1,327,407 | San Antonio | | 85.2% | 959,574 | Naples | | 84.9% | 790,390 | Austin | | 84.4% | 583,776 | Portland | | 84.3% | 483,181 | Lyon | | 83.7% | 821,784 | Jacksonville | | 83.1% | 583,756 | Las Vegas | | 83% | 945,942 | San Jose | | 83% | 671,927 | Frankfurt | | 82.5% | 829,718 | Indianapolis | | 82.3% | 343,829 | New Orleans | | 82.2% | 452,200 | Edinburgh | | 82.2% | 382,578 | Minneapolis | | 82.2% | 464,200 | Liverpool | | 82% | 459,787 | Kansas City | | 81.8% | 1,864,090 | Minsk | | 81.6% | 396,815 | Cleveland | | 81.5% | 620,961 | Baltimore | | 81.3% | 1,270,284 | Sofia | | 81% | 579,999 | Oklahoma City | | 80.2% | 907,563 | Turin | | 80% | 706,413 | Riga | | 80% | 646,889 | Memphis | | 79.9% | 1,120,092 | Belgrade | | 79.8% | 626,681 | Nashville | | 79.5% | 335,709 | Tampa | | 79.5% | 610,386 | Rotterdam | | 79.5% | 787,033 | Columbus | | 79.3% | 368,677 | Zurich | | 79.2% | 305,704 | Pittsburgh | | 78.9% | 998,105 | Cologne | | 78.8% | 731,424 | Charlotte | | 78.8% | 755,546 | Krakow | | 78.6% | 319,294 | St. Louis | | 78.6% | 466,488 | Sacramento | | 78.5% | 708,262 | Zagreb | | 78.5% | 270,884 | Venice | | 77.7% | 809,267 | Valencia | | 77.5% | 477,600 | Leeds | | 77.4% | 296,943 | Cincinnati | | 77.3% | 649,121 | El Paso | | 76.8% | 704,198 | Sevilla | | 76.5% | 594,833 | Milwaukee | | 76.2% | 371,282 | Florence | | 76.1% | 400,292 | Tallinn | | 75.9% | 741,206 | Fort Worth | | 75.6% | 586,217 | Dusseldorf | | 75% | 548,835 | Vilnius | | 75% | 261,310 | Buffalo | | 74.5% | 432,801 | Bratislava | | 73.9% | 348,556 | Nice | | 73.3% | 520,116 | Tucson | | 72.7% | 741,096 | Louisville | | 72.7% | 393,000 | Sarajevo | | 72.6% |
|
Pop | City |
495,083 | The Hague | | 72.6% | 545,852 | Albuquerque | | 72.2% | 403,892 | Raleigh | | 72% | 285,068 | St. Paul | | 71.9% | 601,646 | Stuttgart | | 71.8% | 390,724 | Oakland | | 71% | 655,875 | Palermo | | 70.6% | 268,400 | Belfast | | 70.2% | 483,505 | Antwerp | | 69.9% | 517,052 | Dresden | | 69.8% | 1,010,326 | Odessa | | 69.7% | 408,958 | Omaha | | 68.8% | 391,906 | Tulsa | | 68.7% | 581,308 | Dortmund | | 68.6% | 576,259 | Essen | | 68.5% | 494,665 | Fresno | | 68.1% | 310,800 | Cardiff | | 67.4% | 607,906 | Genoa | | 67.3% | 337,256 | Honolulu | | 66.6% | 800,764 | Thessaloniki | | 65.9% | 513,751 | Gothenburg | | 65.6% | 540,000 | Tirana | | 65.6% | 277,140 | Newark | | 65.3% | 437,994 | Virginia Beach | | 65% | 416,427 | Colorado Springs | | 65% | 462,257 | Long Beach | | 64.5% | 547,685 | Bremen | | 64.5% | 298,963 | Malmo | | 64.5% | 518,862 | Leipzig | | 64.4% | 291,826 | Anchorage | | 64.1% | 446,340 | Toulouse | | 64% | 336,265 | Anaheim | | 63.8% | 456,874 | Gdansk | | 63.8% | 272,220 | Ljubljana | | 63.5% | 353,187 | Bilbao | | 63.4% | 739,832 | Lodz | | 63.2% | 439,041 | Mesa | | 63.2% | 486,600 | Skopje | | 63.2% | 458,100 | Sheffield | | 63% | 465,500 | Bristol | | 62.8% | 287,208 | Toledo | | 62.6% | 520,966 | Hannover | | 62.6% | 319,841 | Bonn | | 61.8% | 258,379 | Lincoln | | 61.2% | 568,507 | Malaga | | 61.2% | 382,368 | Wichita | | 61% | 380,181 | Bologna | | 60.7% | 503,673 | Nuremberg | | 60.5% | 1,452,256 | Kharkov | | 59.8% | 347,483 | Bakersfield | | 59.3% | 968,250 | Donetsk | | 59% | 365,438 | Arlington | | 58.1% | 307,699 | Katowice | | 58% | 371,371 | Brno | | 57.9% | 664,700 | Chisinau | | 57.9% | 675,121 | Zaragoza | | 57.7% | 295,803 | Lexington | | 57.3% | 305,215 | Corpus Christi | | 56.9% | 979,617 | Volgograd | | 56.7% | 260,392 | Bergen | | 56.6% | 1,271,045 | Nizhny Novgorod | | 56.4% | 276,194 | Strasbourg | | 56.3% | 291,504 | Nantes | | 56.2% | 303,871 | Riverside | | 55.3% | 1,136,566 | Kazan | | 54.9% | 733,989 | L'viv | | 54.8% | 257,328 | Graz | | 54.8% | 632,561 | Wroclaw | | 54.6% | 320,475 | Bari | | 54.2% | 252,700 | Southampton | | 53.7% | 325,078 | Aurora | | 53.6% | 273,300 | Nottingham | | 53.3% | 1,133,754 | Samara | | 53.1% | 324,528 | Santa Ana | | 52.9% | 253,691 | Fort Wayne | | 52.6% | 404,681 | Palma De Mallorca | | 52.5% | 1,030,812 | Ufa | | 52.2% | 986,497 | Perm | | 51.8% | 311,969 | Mannheim | | 51.8% | 269,666 | Greensboro | | 51.5% | 348,000 | Leicester | | 50.4% | 1,343,839 | Yekaterinburg | | 49.9% | 552,735 | Poznan | | 49.7% | 263,964 | Verona | | 49.6% | 279,545 | Nicosia | | 49.4% | 1,048,124 | Rostov-On-Don | | 48.9% | 291,707 | Stockton | | 48.6% | 491,931 | Duisburg | | 48.1% | 311,367 | Utrecht | | 47.2% | 257,729 | Henderson | | 47.1% | 328,547 | Cordoba | | 47% | 441,345 | Murcia | | 46.3% | 259,841 | Plano | | 46.1% | 312,500 | Coventry | | 46% | 1,011,177 | Dnepropetrovsk | | 45.5% | 307,215 | Cluj-Napoca | | 45.3% | 320,100 | Kingston upon Hull | | 45.3% | 256,344 | Montpellier | | 45.2% | 383,308 | Las Palmas | | 45% | 315,824 | Brest | | 45% |
|
Pop | City |
348,624 | Kaunas | | 44.7% | 315,100 | Bradford | | 44.4% | 293,458 | Catania | | 44.1% | 258,380 | Aachen | | 44% | 330,486 | Varna | | 43.3% | 341,902 | Sochi | | 43.2% | 334,418 | Alicante | | 43.1% | 256,000 | Plymouth | | 42.6% | 376,319 | Bochum | | 42.4% | 331,796 | Plovdiv | | 42.2% | 309,362 | Murmansk | | 41.9% | 348,961 | Lublin | | 41.6% | 351,050 | Wuppertal | | 41.3% | 323,084 | Bielefeld | | 41.1% | 827,193 | Saratov | | 41% | 263,646 | Augsburg | | 40.4% | 297,124 | Vigo | | 39.9% | 1,095,909 | Chelyabinsk | | 39.8% | 258,600 | Stoke | | 39.5% | 419,150 | Kaliningrad | | 39.4% | 340,102 | Sevastopol | | 39% | 303,609 | Ostrava | | 38.7% | 275,543 | Munster | | 38.5% | 311,440 | Timisoara | | 37.9% | 348,399 | Arkhangelsk | | 37.6% | 315,522 | Valladolid | | 37.3% | 291,959 | Karlsruhe | | 37% | 713,426 | Krasnodar | | 36.4% | 491,790 | Gomel | | 36.3% | 301,951 | Constanta | | 36% | 308,663 | Iasi | | 35.9% | 847,620 | Voronezh | | 35.8% | 491,999 | Tula | | 35.7% | 259,744 | Gelsenkirchen | | 35.4% | 277,198 | Gijon | | 35.2% | 506,110 | Astrakhan | | 34.5% | 405,944 | Szczecin | | 34.4% | 277,493 | Wiesbaden | | 34.2% | 258,251 | Monchengladbach | | 32.6% | 314,469 | Smolensk | | 32.1% | 606,888 | Yaroslavl | | 31.9% | 434,869 | Luhans'k | | 31.8% | 294,989 | Bialystok | | 31.7% | 413,528 | Kursk | | 31.6% | 469,336 | Mariupol | | 31% | 721,752 | Tolyatti | | 30.8% | 337,670 | Vladimir | | 30.3% | 525,637 | Orenburg | | 30.3% | 336,588 | Simferopol | | 29.3% | 410,410 | Tver | | 29.1% | 509,392 | Ryazan | | 29% | 277,569 | Brasov | | 28.7% | 258,642 | L'hospitalet | | 28.3% | 506,297 | Penza | | 28.1% | 463,852 | Kirov | | 27.6% | 502,015 | Lipetsk | | 27% | 409,217 | Bryansk | | 26.6% | 299,579 | Craiova | | 26.5% | 780,733 | Zaporozhye | | 26.4% | 602,789 | Ulyanovsk | | 26.4% | 356,936 | Bydgoszcz | | 26.3% | 403,054 | Ivanovo | | 26% | 290,467 | Galati | | 25.9% | 338,287 | Grodno | | 25.9% | 362,832 | Belgorod | | 25.2% | 610,633 | Izhevsk | | 24.9% | 369,099 | Stavropol | | 24.8% | 468,679 | Makhachkala | | 23.9% | 316,838 | Oryol | | 23.2% | 670,397 | Kryvyi Rih | | 22.3% | 327,650 | Kaluga | | 22.2% | 285,983 | Vologda | | 21.8% | 296,363 | Saransk | | 21.7% | 409,961 | Magnitogorsk | | 21.6% | 360,918 | Mogilev | | 21.5% | 300,501 | Poltava | | 21.4% | 354,566 | Vitebsk | | 21.2% | 277,503 | Tambov | | 20.5% | 272,326 | Sumy | | 19.9% | 447,929 | Cheboksary | | 19.4% | 297,402 | Chernihiv | | 18.5% | 312,220 | Vladikavkaz | | 18.3% | 310,169 | Cherepovets | | 18.2% | 372,780 | Nizhny Tagil | | 18.2% | 251,776 | Chernivtsi | | 17.7% | 255,095 | Taganrog | | 17.4% | 510,301 | Naberezhnye Chelny | | 17.2% | 269,711 | Kostroma | | 17.1% | 304,613 | Cherson | | 16.8% | 263,647 | Horlivka | | 16.8% | 270,601 | Petrozavodsk | | 16.4% | 269,029 | Nalchik | | 15.9% | 271,714 | Zhytomyr | | 15.6% | 501,183 | Mykolayiv | | 15.3% | 287,713 | Cerkasy | | 14.1% | 369,214 | Vinnytsya | | 14% | 271,540 | Sterlitamak | | 13.6% | 304,748 | Volzhsky | | 13.4% | 360,989 | Makiyivka | | 11% | 261,397 | Chmelnyckyj | | 6.7% |
|
Comments